[Event "Titled Tuesday intern op 09th Aug Late"]
[Site "Chess.com INT"]
[Date "2022.08.09"]
[Round "5"]
[White "Izoria, Zviad"]
[Black "Pinheiro, Iung Alicio"]
[Result "1-0"]
[WhiteElo "2602"]
[BlackElo "2320"]
[PlyCount "99"]
[EventDate "2022.08.09"]
[EventType "swiss (blitz)"]
[EventRounds "11"]
[EventCountry "USA"]
[SourceTitle "EXT 2023"]
[Source "ChessBase"]
[SourceDate "2022.10.05"]
[SourceVersion "1"]
[SourceVersionDate "2022.10.05"]
[SourceQuality "1"]

1. Nf3 d5 2. d4 b6 3. c4 e6 4. cxd5 exd5 5. Nc3 c6 6. e4 dxe4 7. Nxe4 Be7 8. Bc4 Nf6 9. Neg5 0-0 10. Qc2 h6 11. h4 Ba6 12. Bb3 c5 13. Ne5 c4 14. Bxc4 Bxc4 15. Qxc4 Qd5 16. Qxd5 Nxd5 17. Ngf3 Nc6 18. Nxc6 Bf6 19. Bd2 Rfe8+ 20. Nce5 Rac8 21. Kd1 Be7 22. Rc1 f6 23. Rxc8 Rxc8 24. Nd3 Bd6 25. g3 Kf7 26. Re1 g5 27. hxg5 hxg5 28. Rh1 Kg6 29. Nfe1 a5 30. Nc2 Nc7 31. f4 Ne6 32. fxg5 fxg5 33. Be3 Rd8 34. g4 Be7 35. Ke2 Bf6 36. Ne5+ Kg7 37. Rf1 Rc8 38. Ne1 Nc7 39. Rf5 Nd5 40. Bxg5 Rh8 41. Bxf6+ Nxf6 42. g5 Nd5 43. Rf7+ Kg8 44. N1f3 Rh3 45. Rb7 Nf4+ 46. Kf2 Ne6 47. Ng4 Nf4 48. Nf6+ Kf8 49. Ne5 a4 50. Rf7# 1-0

[Event "Titled Tuesday intern op 09th Aug Late"]
[Site "Chess.com INT"]
[Date "2022.08.09"]
[Round "8"]
[White "Izoria, Zviad"]
[Black "Wagner, Dennis"]
[Result "0-1"]
[WhiteElo "2602"]
[BlackElo "2570"]
[PlyCount "88"]
[EventDate "2022.08.09"]
[EventType "swiss (blitz)"]
[EventRounds "11"]
[EventCountry "USA"]
[SourceTitle "EXT 2023"]
[Source "ChessBase"]
[SourceDate "2022.10.05"]
[SourceVersion "1"]
[SourceVersionDate "2022.10.05"]
[SourceQuality "1"]

1. Nf3 d5 2. g3 Nc6 3. d4 Bf5 4. a3 e6 5. Bg2 Bd6 6. 0-0 Nf6 7. c4 dxc4 8. Nbd2 Na5 9. Nxc4 Nxc4 10. Qa4+ c6 11. Qxc4 Be4 12. Rd1 0-0 13. Bd2 a5 14. Ne5 Bxg2 15. Kxg2 a4 16. f3 Qc7 17. Nd3 Rfd8 18. e4 Be7 19. Rac1 Qb6 20. Be3 h5 21. h4 Ne8 22. Qc2 Nd6 23. Ne5 Nb5 24. Nc4 Qa6 25. Qe2 Bf6 26. Ne5 Bxe5 27. dxe5 Qa5 28. f4 Rxd1 29. Rxd1 Rd8 30. Rxd8+ Qxd8 31. Qxh5 Qd3 32. Qf3 Qc2+ 33. Qf2 Qxe4+ 34. Qf3 Qc2+ 35. Qf2 Qb3 36. Qd2 g6 37. Kf2 Kg7 38. g4 Nc7 39. f5 gxf5 40. Bh6+ Kh7 41. Qg5 Qxb2+ 42. Kf1 Qa1+ 43. Kf2 Qxe5 44. Qh5 Qd4+ 0-1

[Event "Titled Tuesday intern op 02nd Aug Late"]
[Site "Chess.com INT"]
[Date "2022.08.02"]
[Round "1"]
[White "Perez Leiva, Jerzy Jesus"]
[Black "Izoria, Zviad"]
[Result "1-0"]
[WhiteElo "2389"]
[BlackElo "2602"]
[PlyCount "89"]
[EventDate "2022.08.02"]
[EventType "swiss (blitz)"]
[EventRounds "11"]
[EventCountry "USA"]
[SourceTitle "EXT 2023"]
[Source "ChessBase"]
[SourceDate "2022.10.05"]
[SourceVersion "1"]
[SourceVersionDate "2022.10.05"]
[SourceQuality "1"]

1. e4 c5 2. Nf3 a6 3. c4 e6 4. d4 cxd4 5. Nxd4 Nf6 6. Nc3 Qc7 7. Be2 b6 8. 0-0 Bb7 9. Qd3 Nc6 10. Nxc6 dxc6 11. f4 Rd8 12. Qg3 c5 13. Qe3 Be7 14. e5 Nd7 15. Bf3 0-0 16. Bxb7 Qxb7 17. Ne4 f5 18. exf6 Bxf6 19. Nd6 Qc7 20. Qxe6+ Kh8 21. Nf7+ Rxf7 22. Qxf7 Bd4+ 23. Kh1 Rf8 24. Qe7 Qc8 25. Re1 Nf6 26. Qe6 Qd8 27. Qh3 b5 28. Bd2 Bxb2 29. Rad1 Qc7 30. cxb5 axb5 31. Bc3 Bxc3 32. Qxc3 c4 33. Qe5 Qa7 34. Qe7 Qa8 35. h3 h6 36. Qe5 b4 37. Qc5 Rc8 38. Qxb4 c3 39. Rc1 Nd5 40. Qe4 Qxa2 41. Qe6 Qc4 42. Re4 Qc6 43. Qf5 c2 44. Re6 Qc4 45. Qe5 1-0

[Event "Titled Tuesday intern op 17th May Late"]
[Site "Chess.com INT"]
[Date "2022.05.17"]
[Round "6"]
[White "De la Colina, Nicolas"]
[Black "Izoria, Zviad"]
[Result "1/2-1/2"]
[WhiteElo "2091"]
[BlackElo "2602"]
[PlyCount "47"]
[EventDate "2022.05.17"]
[EventType "swiss (blitz)"]
[EventRounds "11"]
[EventCountry "USA"]
[SourceTitle "CBM 208 Extra"]
[Source "ChessBase"]
[SourceDate "2022.07.31"]
[SourceVersion "1"]
[SourceVersionDate "2022.07.31"]
[SourceQuality "1"]

1. e4 c5 2. c3 e6 3. Nf3 d5 4. exd5 exd5 5. d4 Nc6 6. Bb5 Bd6 7. 0-0 Nge7 8. dxc5 Bxc5 9. Nbd2 0-0 10. Nb3 Bb6 11. Re1 Bg4 12. Be3 Bxe3 13. Rxe3 Nf5 14. Re1 Nh4 15. Be2 Ng6 16. Nfd4 Bxe2 17. Qxe2 Re8 18. Qb5 Nce5 19. Qxb7 a5 20. a4 Nf4 21. g3 Rb8 22. Qa6 Nfd3 23. Re3 Ra8 24. Qb5 1/2-1/2

[Event "Titled Tuesday intern op 17th May Late"]
[Site "Chess.com INT"]
[Date "2022.05.17"]
[Round "7"]
[White "Izoria, Zviad"]
[Black "Pinheiro, Iung Alicio"]
[Result "1-0"]
[WhiteElo "2602"]
[BlackElo "2320"]
[PlyCount "77"]
[EventDate "2022.05.17"]
[EventType "swiss (blitz)"]
[EventRounds "11"]
[EventCountry "USA"]
[SourceTitle "CBM 208 Extra"]
[Source "ChessBase"]
[SourceDate "2022.07.31"]
[SourceVersion "1"]
[SourceVersionDate "2022.07.31"]
[SourceQuality "1"]

1. Nf3 c5 2. e4 Nc6 3. Nc3 e5 4. Bc4 Be7 5. d3 d6 6. 0-0 Nf6 7. Bg5 Nd7 8. Bxe7 Qxe7 9. Nd5 Qd8 10. a4 Nb6 11. c3 0-0 12. Nd2 Nxd5 13. Bxd5 Ne7 14. Ba2 Be6 15. Bxe6 fxe6 16. a5 Kh8 17. Nc4 Ng6 18. g3 d5 19. Ne3 Rc8 20. Qb3 c4 21. dxc4 d4 22. Rad1 Qf6 23. Nc2 Rfd8 24. Ne1 Rc7 25. cxd4 exd4 26. f4 e5 27. f5 Ne7 28. Nd3 Rdc8 29. Qb5 Rxc4 30. Qxe5 Nc6 31. Qf4 Re8 32. a6 b6 33. Rc1 Na5 34. e5 Qc6 35. e6 h6 36. Ne5 Qd5 37. Nxc4 Nxc4 38. Rcd1 Ne3 39. Qxe3 1-0

[Event "Titled Tuesday intern op 17th May Late"]
[Site "Chess.com INT"]
[Date "2022.05.17"]
[Round "3"]
[White "Melkumyan, Hrant"]
[Black "Izoria, Zviad"]
[Result "0-1"]
[WhiteElo "2655"]
[BlackElo "2602"]
[PlyCount "98"]
[EventDate "2022.05.17"]
[EventType "swiss (blitz)"]
[EventRounds "11"]
[EventCountry "USA"]
[SourceTitle "CBM 208 Extra"]
[Source "ChessBase"]
[SourceDate "2022.07.31"]
[SourceVersion "1"]
[SourceVersionDate "2022.07.31"]
[SourceQuality "1"]

1. c4 e5 2. g3 Nf6 3. Bg2 c6 4. Nf3 e4 5. Nd4 d5 6. cxd5 Qxd5 7. Nc2 Qh5 8. h3 Na6 9. Nc3 Qg6 10. 0-0 Bd6 11. d3 exd3 12. Ne1 Qh5 13. Nxd3 Bxh3 14. Bf4 Bxg2 15. Kxg2 0-0-0 16. Qa4 Bxf4 17. Nxf4 Qc5 18. Rac1 Qb4 19. Qc2 Kb8 20. a3 Qe7 21. b4 Nc7 22. a4 Ncd5 23. Ncxd5 Nxd5 24. Nxd5 Rxd5 25. e3 h5 26. Rh1 Re8 27. Rh4 g6 28. Rc4 a6 29. Qb2 Qd7 30. Qf6 Rf5 31. Qb2 Re6 32. Rd4 Rd6 33. Re4 Rd2 34. Qh8+ Ka7 35. Rf1 Qd5 36. Qe8 Qa2 37. Rf4 Rxf4 38. exf4 Qd5+ 39. Kg1 Rd3 40. Qe7 Qd4 41. Kg2 h4 42. Qxh4 Qxb4 43. Qf6 Qe4+ 44. Kg1 Qd5 45. Qa1 a5 46. Rb1 Qd4 47. Qa2 Rd2 48. Qb3 Qxf2+ 49. Kh1 Qg2# 0-1

[Event "Titled Tuesday intern op 15 Mar Late"]
[Site "Chess.com INT"]
[Date "2022.03.15"]
[Round "2"]
[White "Badelka, Olga"]
[Black "Izoria, Zviad"]
[Result "1-0"]
[WhiteElo "2453"]
[BlackElo "2602"]
[PlyCount "35"]
[EventDate "2022.03.15"]
[EventType "swiss (blitz)"]
[EventRounds "11"]
[EventCountry "USA"]
[SourceTitle "CBM 207 Extra"]
[Source "ChessBase"]
[SourceDate "2022.05.31"]
[SourceVersion "1"]
[SourceVersionDate "2022.05.31"]
[SourceQuality "1"]

1. d4 d6 2. e4 g6 3. Bd3 Bg7 4. Be3 Nf6 5. f3 0-0 6. Qd2 e5 7. d5 c6 8. c4 b5 9. Nc3 b4 10. Nd1 a5 11. g4 Na6 12. h4 cxd5 13. cxd5 h5 14. g5 Nd7 15. Nf2 Nac5 16. Bb5 Qb6 17. Bc6 Bb7 18. Bxd7 1-0

[Event "Titled Tuesday intern op 01st Mar Early"]
[Site "Chess.com INT"]
[Date "2022.03.01"]
[Round "3"]
[White "Izoria, Zviad"]
[Black "Nozdrachev, Leonid"]
[Result "1-0"]
[WhiteElo "2602"]
[BlackElo "2370"]
[PlyCount "59"]
[EventDate "2022.03.01"]
[EventType "swiss (blitz)"]
[EventRounds "11"]
[EventCountry "USA"]
[SourceTitle "CBM 207 Extra"]
[Source "ChessBase"]
[SourceDate "2022.05.31"]
[SourceVersion "1"]
[SourceVersionDate "2022.05.31"]
[SourceQuality "1"]

1. Nf3 Nf6 2. c4 g6 3. g3 Bg7 4. Bg2 0-0 5. 0-0 d6 6. d4 Nc6 7. d5 Na5 8. Qa4 c6 9. Bd2 b6 10. Bxa5 bxa5 11. dxc6 Qb6 12. Nc3 Qxb2 13. Nd5 Nxd5 14. cxd5 Ba6 15. Rab1 Qxe2 16. Qxa5 Bc4 17. Rb7 Qxa2 18. Qxa2 Bxa2 19. Nd2 e6 20. Ne4 Bxd5 21. Nxd6 Be5 22. Bxd5 exd5 23. Nb5 Rfc8 24. f4 Bb2 25. c7 a5 26. Nd6 Rf8 27. Rxb2 a4 28. c8Q Rfxc8 29. Nxc8 Rxc8 30. Ra2 1-0

[Event "Titled Tuesday intern op 08th Feb Late"]
[Site "Chess.com INT"]
[Date "2022.02.08"]
[Round "4"]
[White "Bortnyk, Olexandr"]
[Black "Izoria, Zviad"]
[Result "1-0"]
[WhiteElo "2604"]
[BlackElo "2602"]
[PlyCount "55"]
[EventDate "2022.02.08"]
[EventType "swiss (blitz)"]
[EventRounds "11"]
[EventCountry "USA"]
[SourceTitle "CBM 206 Extra"]
[Source "ChessBase"]
[SourceDate "2022.03.31"]
[SourceVersion "1"]
[SourceVersionDate "2022.03.31"]
[SourceQuality "1"]

1. e4 c6 2. c4 d5 3. cxd5 cxd5 4. exd5 Nf6 5. Qa4+ Nbd7 6. Nc3 g6 7. Bc4 Bg7 8. d3 0-0 9. Nf3 Nb6 10. Qb3 Bg4 11. Ne5 Qc7 12. f4 Qc5 13. Qb5 Qxb5 14. Nxb5 Bf5 15. d6 Nxc4 16. dxc4 exd6 17. Nxd6 Be6 18. 0-0 b6 19. b3 Rfd8 20. Nb5 Ng4 21. Bb2 Rd2 22. Bc3 Rc2 23. Rfc1 Rxc1+ 24. Rxc1 a6 25. Nc7 Rd8 26. Nxe6 fxe6 27. Nxg4 Bxc3 28. Rxc3 1-0

[Event "Titled Tuesday intern op 08th Feb Early"]
[Site "Chess.com INT"]
[Date "2022.02.08"]
[Round "5"]
[White "Izoria, Zviad"]
[Black "Agibileg, Uurtsaikh"]
[Result "0-1"]
[WhiteElo "2602"]
[BlackElo "2440"]
[PlyCount "72"]
[EventDate "2022.02.08"]
[EventType "swiss (blitz)"]
[EventRounds "11"]
[EventCountry "USA"]
[SourceTitle "CBM 206 Extra"]
[Source "ChessBase"]
[SourceDate "2022.03.31"]
[SourceVersion "1"]
[SourceVersionDate "2022.03.31"]
[SourceQuality "1"]

1. Nf3 Nf6 2. c4 g6 3. g3 Bg7 4. Bg2 0-0 5. 0-0 c5 6. Nc3 Nc6 7. d4 d6 8. dxc5 dxc5 9. Bf4 Nd7 10. Qc1 Nd4 11. Nxd4 cxd4 12. Nd5 e6 13. Bc7 Qe8 14. Nf4 Qe7 15. Nd3 Nc5 16. Ba5 Re8 17. Qd2 Rb8 18. Nxc5 Qxc5 19. Rac1 e5 20. Bb4 Qc7 21. Rfd1 e4 22. Qf4 Qxf4 23. gxf4 Bg4 24. Rd2 e3 25. fxe3 dxe3 26. Rdc2 Bf5 27. Bd6 Rbd8 28. c5 Bxc2 29. Rxc2 b6 30. Bc6 Re6 31. Bd5 Rf6 32. Bf3 bxc5 33. Bxc5 Rc8 34. b4 Re6 35. f5 gxf5 36. Rc4 Bf8 0-1

[Event "Titled Tuesday intern op 08th Feb Late"]
[Site "Chess.com INT"]
[Date "2022.02.08"]
[Round "2"]
[White "Izoria, Zviad"]
[Black "Glavina, Pablo"]
[Result "1-0"]
[WhiteElo "2602"]
[BlackElo "2393"]
[PlyCount "81"]
[EventDate "2022.02.08"]
[EventType "swiss (blitz)"]
[EventRounds "11"]
[EventCountry "USA"]
[SourceTitle "CBM 206 Extra"]
[Source "ChessBase"]
[SourceDate "2022.03.31"]
[SourceVersion "1"]
[SourceVersionDate "2022.03.31"]
[SourceQuality "1"]

1. Nf3 Nf6 2. c4 c5 3. Nc3 Nc6 4. e3 d5 5. cxd5 Nxd5 6. Bc4 e6 7. 0-0 Be7 8. d4 cxd4 9. exd4 0-0 10. Re1 Nf6 11. a3 b6 12. Bf4 Bb7 13. Rc1 Rc8 14. Ba2 Na5 15. Ne5 Bd5 16. Nxd5 Nxd5 17. Rxc8 Qxc8 18. Bd2 Nc6 19. Bxd5 Nxe5 20. Rxe5 Bf6 21. Bb3 Bxe5 22. dxe5 Rd8 23. Qe2 Qc5 24. Bc3 a5 25. h3 g6 26. a4 Rd7 27. Bc4 Rd8 28. h4 h5 29. g3 Qc6 30. b3 Qc5 31. Bd2 Qd4 32. Bg5 Rc8 33. Qe3 Qc5 34. Qxc5 Rxc5 35. f4 Rc8 36. Be7 Kg7 37. Kf2 Rc7 38. Bd6 Rc8 39. Ke3 f6 40. Kd4 fxe5+ 41. Kxe5 1-0

[Event "Titled Tuesday intern op 08th Feb Early"]
[Site "Chess.com INT"]
[Date "2022.02.08"]
[Round "4"]
[White "Izoria, Zviad"]
[Black "Niemann, Hans Moke"]
[Result "0-1"]
[WhiteElo "2602"]
[BlackElo "2642"]
[PlyCount "40"]
[EventDate "2022.02.08"]
[EventType "swiss (blitz)"]
[EventRounds "11"]
[EventCountry "USA"]
[SourceTitle "CBM 206 Extra"]
[Source "ChessBase"]
[SourceDate "2022.03.31"]
[SourceVersion "1"]
[SourceVersionDate "2022.03.31"]
[SourceQuality "1"]

1. Nf3 Nf6 2. c4 b6 3. Nc3 Bb7 4. d4 e6 5. e3 Bb4 6. Bd3 Ne4 7. 0-0 f5 8. Ne2 0-0 9. b3 Bd6 10. Bb2 Nc6 11. a3 a5 12. Nd2 Ne7 13. f3 Nxd2 14. Qxd2 Ng6 15. b4 Qh4 16. g3 Qh5 17. c5 Be7 18. Kg2 axb4 19. axb4 Rxa1 20. Bxa1 Qg4 0-1

[Event "Titled Tuesday intern op 08th Feb Early"]
[Site "Chess.com INT"]
[Date "2022.02.08"]
[Round "2"]
[White "Maltsevskaya, Aleksandra"]
[Black "Izoria, Zviad"]
[Result "0-1"]
[WhiteElo "2410"]
[BlackElo "2602"]
[PlyCount "92"]
[EventDate "2022.02.08"]
[EventType "swiss (blitz)"]
[EventRounds "11"]
[EventCountry "USA"]
[SourceTitle "CBM 206 Extra"]
[Source "ChessBase"]
[SourceDate "2022.03.31"]
[SourceVersion "1"]
[SourceVersionDate "2022.03.31"]
[SourceQuality "1"]

1. e4 c5 2. Nf3 a6 3. c3 e6 4. d4 d5 5. exd5 exd5 6. Bd3 c4 7. Be2 Bd6 8. 0-0 Ne7 9. b3 cxb3 10. axb3 Nbc6 11. h3 0-0 12. c4 Be6 13. Nc3 Rc8 14. Be3 h6 15. Qd2 Bb4 16. Rfc1 Nf5 17. Bd3 Qd7 18. c5 Rfe8 19. Bc2 Nfe7 20. Rf1 Bxh3 21. gxh3 Qxh3 22. Nh2 Nf5 23. Qd3 g6 24. Nxd5 Nh4 25. Nf4 Nf3+ 26. Nxf3 Qxf3 27. Qe2 Qxf4 28. Bxf4 Rxe2 29. Bd3 Nxd4 30. Be3 Nf3+ 31. Kg2 Rxe3 32. fxe3 Ne5 33. Bc4 Rxc5 34. Rac1 Nxc4 35. Rxc4 Rxc4 36. bxc4 a5 37. Kf3 Bc5 38. Rb1 b6 39. Ke4 Kf8 40. Rd1 Ke7 41. Kd5 a4 42. e4 a3 43. e5 h5 44. Rf1 h4 45. Re1 h3 46. e6 h2 0-1

[Event "Titled Tuesday intern op 01st Feb-A"]
[Site "Chess.com INT"]
[Date "2022.02.01"]
[Round "4"]
[White "Ambartsumova, Karina"]
[Black "Izoria, Zviad"]
[Result "1-0"]
[WhiteElo "2382"]
[BlackElo "2602"]
[PlyCount "53"]
[EventDate "2022.02.01"]
[EventType "swiss (blitz)"]
[EventRounds "11"]
[EventCountry "USA"]
[SourceTitle "CBM 206 Extra"]
[Source "ChessBase"]
[SourceDate "2022.03.31"]
[SourceVersion "1"]
[SourceVersionDate "2022.03.31"]
[SourceQuality "1"]

1. d4 d6 2. Nf3 g6 3. g3 Bg7 4. Bg2 Nf6 5. 0-0 0-0 6. b3 b6 7. Bb2 Bb7 8. c4 e6 9. Nc3 Ne4 10. Qc2 Nxc3 11. Bxc3 a5 12. Rfe1 Nd7 13. Rad1 Qe7 14. e4 e5 15. Qb2 Rae8 16. h3 h5 17. h4 Bc8 18. a3 exd4 19. Nxd4 Ne5 20. f4 c5 21. Nb5 Bg4 22. Rd2 f5 23. fxe5 dxe5 24. exf5 gxf5 25. Nd6 Rd8 26. Bxe5 Bxe5 27. Qxe5 1-0

[Event "Titled Tuesday intern op 01st Feb-A"]
[Site "Chess.com INT"]
[Date "2022.02.01"]
[Round "3"]
[White "Izoria, Zviad"]
[Black "Sarana, Alexey"]
[Result "0-1"]
[WhiteElo "2602"]
[BlackElo "2685"]
[PlyCount "92"]
[EventDate "2022.02.01"]
[EventType "swiss (blitz)"]
[EventRounds "11"]
[EventCountry "USA"]
[SourceTitle "CBM 206 Extra"]
[Source "ChessBase"]
[SourceDate "2022.03.31"]
[SourceVersion "1"]
[SourceVersionDate "2022.03.31"]
[SourceQuality "1"]

1. Nf3 d5 2. d4 Nf6 3. c4 e6 4. g3 Bb4+ 5. Bd2 Be7 6. Bg2 c6 7. Qc2 0-0 8. 0-0 Nbd7 9. Bf4 b6 10. Rd1 Bb7 11. Nc3 dxc4 12. Nd2 Nd5 13. Nxc4 Nxf4 14. gxf4 Qc7 15. e3 Rfd8 16. a3 Rac8 17. b4 Qb8 18. Rab1 c5 19. Bxb7 Qxb7 20. bxc5 Qa6 21. Qa4 Qxa4 22. Nxa4 bxc5 23. d5 exd5 24. Rxd5 Rc7 25. Rbd1 Kf8 26. Nc3 a6 27. Ne4 Ke8 28. Kf1 Nf6 29. Rxd8+ Bxd8 30. Nxf6+ Bxf6 31. Rd6 Ra7 32. Ke2 Be7 33. Rb6 Kd7 34. Kd3 Kc7 35. Ke4 Ra8 36. h3 h5 37. a4 f6 38. Kf5 Bd8 39. Ke6 h4 40. f5 Kc8 41. e4 Bxb6 42. Nxb6+ Kb7 43. Nc4 Rd8 44. f4 Rd4 45. Nd6+ Kc6 46. e5 c4 0-1

[Event "Titled Tuesday intern op 25th Jan"]
[Site "Chess.com INT"]
[Date "2022.01.25"]
[Round "4"]
[White "Izoria, Zviad"]
[Black "Koelle, Tobias"]
[Result "1/2-1/2"]
[WhiteElo "2602"]
[BlackElo "2380"]
[PlyCount "37"]
[EventDate "2022.01.25"]
[EventType "swiss (blitz)"]
[EventRounds "11"]
[EventCountry "USA"]
[SourceTitle "CBM 206 Extra"]
[Source "ChessBase"]
[SourceDate "2022.03.31"]
[SourceVersion "1"]
[SourceVersionDate "2022.03.31"]
[SourceQuality "1"]

1. e4 e5 2. f4 c6 3. Nf3 d5 4. Nc3 Nf6 5. fxe5 Nxe4 6. d3 Nxc3 7. bxc3 Be7 8. d4 0-0 9. Bd3 f6 10. 0-0 fxe5 11. Nxe5 Nd7 12. Bxh7+ Kxh7 13. Qh5+ Kg8 14. Nf7 Rxf7 15. Qxf7+ Kh8 16. Qh5+ Kg8 17. Qf7+ Kh8 18. Qh5+ Kg8 19. Qf7+ 1/2-1/2

[Event "Titled Tuesday intern op 18th Jan"]
[Site "Chess.com INT"]
[Date "2022.01.18"]
[Round "1"]
[White "Pandey, Srishti"]
[Black "Izoria, Zviad"]
[Result "0-1"]
[WhiteElo "2177"]
[BlackElo "2602"]
[PlyCount "112"]
[EventDate "2022.01.18"]
[EventType "swiss (blitz)"]
[EventRounds "11"]
[EventCountry "USA"]
[SourceTitle "CBM 206 Extra"]
[Source "ChessBase"]
[SourceDate "2022.03.31"]
[SourceVersion "1"]
[SourceVersionDate "2022.03.31"]
[SourceQuality "1"]

1. d4 Nf6 2. c4 e6 3. Nf3 d5 4. Nc3 Bb4 5. cxd5 exd5 6. Bg5 h6 7. Bxf6 Qxf6 8. e3 c6 9. Bd3 0-0 10. Nd2 Qg5 11. Qf3 Bd6 12. h3 Be6 13. Rb1 Nd7 14. b4 a6 15. a4 b5 16. 0-0 Qe7 17. e4 dxe4 18. Ndxe4 Bxb4 19. Rfc1 Nb6 20. Ne2 Ba2 21. Ra1 Bc4 22. Bb1 f5 23. N4g3 Rae8 24. Nf4 Qg5 25. h4 Qg4 26. Bxf5 Qxf3 27. gxf3 Bd6 28. Nfh5 Bxg3 29. Nxg3 Bd5 30. a5 Nc4 31. Ne4 Rxf5 32. Kg2 Ref8 33. Rc3 Rxf3 34. Rxf3 Bxe4 35. h5 Bxf3+ 36. Kg3 Bd5 37. f4 Nd6 38. f5 Ne4+ 39. Kf4 Nd6 40. Ke5 Nxf5 41. Rf1 Rf6 42. Rxf5 Rxf5+ 43. Kxf5 Kf7 44. Ke5 b4 45. Kd6 b3 46. Kc5 b2 47. Kb6 b1Q+ 48. Kxa6 Qb5+ 49. Ka7 c5 50. a6 Qxa6+ 51. Kxa6 cxd4 52. Kb5 d3 53. Kc5 d2 54. Kxd5 d1Q+ 55. Ke5 Qxh5+ 56. Kd6 Qg6+ 0-1

[Event "Titled Tuesday intern op 11th Jan"]
[Site "Chess.com INT"]
[Date "2022.01.11"]
[Round "1"]
[White "Izoria, Zviad"]
[Black "Shtyka, Sergey"]
[Result "1-0"]
[WhiteElo "2602"]
[BlackElo "2154"]
[PlyCount "55"]
[EventDate "2022.01.11"]
[EventType "swiss (blitz)"]
[EventRounds "11"]
[EventCountry "USA"]
[SourceTitle "CBM 206 Extra"]
[Source "ChessBase"]
[SourceDate "2022.03.31"]
[SourceVersion "1"]
[SourceVersionDate "2022.03.31"]
[SourceQuality "1"]

1. c4 c5 2. Nf3 Nc6 3. Nc3 g6 4. e3 Bg7 5. d4 cxd4 6. exd4 d6 7. h3 Nf6 8. d5 Nb8 9. Bd3 0-0 10. 0-0 Nbd7 11. Re1 Nc5 12. Bf1 a5 13. Be3 Bd7 14. b3 Re8 15. Rc1 Qc7 16. Nd4 Qb6 17. Ndb5 Bxb5 18. Nxb5 Nfd7 19. a3 Qd8 20. b4 axb4 21. axb4 Na6 22. c5 Nxb4 23. cxd6 Ra2 24. Nc7 Rf8 25. Bg5 f6 26. dxe7 Qxc7 27. exf8Q+ Bxf8 28. Rxc7 1-0

[Event "Titled Tuesday intern op 21st Dec"]
[Site "Chess.com INT"]
[Date "2021.12.21"]
[Round "2"]
[White "Katz, Alexander R"]
[Black "Izoria, Zviad"]
[Result "1-0"]
[WhiteElo "2401"]
[BlackElo "2602"]
[PlyCount "71"]
[EventDate "2021.12.21"]
[EventType "swiss (blitz)"]
[EventRounds "11"]
[EventCountry "USA"]
[SourceTitle "CBM 205 Extra"]
[Source "ChessBase"]
[SourceDate "2022.01.31"]
[SourceVersion "1"]
[SourceVersionDate "2022.01.31"]
[SourceQuality "1"]

1. e4 c5 2. Nf3 a6 3. c3 e6 4. d4 d5 5. e5 Bd7 6. Bd3 cxd4 7. cxd4 Bb5 8. Bxb5+ axb5 9. 0-0 b4 10. Nbd2 Ne7 11. Nb3 Nec6 12. Ne1 Nd7 13. f4 g6 14. Nf3 Be7 15. Be3 h5 16. g3 Qb6 17. Kg2 Qb5 18. h3 b6 19. Qd2 f5 20. exf6 Nxf6 21. Ng5 Kd7 22. Qc2 Rhg8 23. Nd2 Rac8 24. Qd1 Qd3 25. Re1 Bd6 26. Bf2 Nxd4 27. Bxd4 Qxd4 28. Qa4+ Rc6 29. Re2 Qxb2 30. Rae1 Qa3 31. Qb5 Qa5 32. Qd3 Rc3 33. Qd4 Qa3 34. Qxf6 Rxg3+ 35. Kh2 Re8 36. Rxe6 1-0

[Event "Titled Tuesday intern op 26th Oct"]
[Site "Chess.com INT"]
[Date "2021.10.26"]
[Round "3"]
[White "Martic, Ivan"]
[Black "Izoria, Zviad"]
[Result "0-1"]
[WhiteElo "2278"]
[BlackElo "2602"]
[PlyCount "92"]
[EventDate "2021.10.26"]
[EventType "swiss (blitz)"]
[EventRounds "11"]
[EventCountry "USA"]
[SourceTitle "CBM 204 Extra"]
[Source "ChessBase"]
[SourceDate "2021.11.30"]
[SourceVersion "1"]
[SourceVersionDate "2021.11.30"]
[SourceQuality "1"]

1. e4 c5 2. Nf3 a6 3. c4 e6 4. d4 cxd4 5. Nxd4 Nf6 6. Nc3 Qc7 7. Be2 Nc6 8. 0-0 Bb4 9. Nxc6 dxc6 10. Qd3 e5 11. Qg3 0-0 12. Bh6 Ne8 13. Rad1 Be6 14. a3 Bxc3 15. bxc3 f6 16. f4 Kh8 17. f5 Bg8 18. Be3 Nd6 19. Qh4 Nxc4 20. Bxc4 Bxc4 21. Rf3 Rfd8 22. Re1 Rd3 23. Rh3 Bg8 24. g4 Qa5 25. g5 fxg5 26. Qxg5 Qxc3 27. Kf2 Rf8 28. Rg3 Rf7 29. Re2 Qc4 30. Rg4 Rxa3 31. h4 Ra2 32. Rxa2 Qxa2+ 33. Bd2 Rd7 34. Ke1 Qb1+ 35. Kf2 Qc2 36. Ke1 h6 37. Qe3 Rd3 38. Qe2 Bc4 39. f6 Rd7 40. fxg7+ Rxg7 41. Rxg7 Bxe2 42. Rd7 Qd1+ 43. Kf2 Qf1+ 44. Kg3 Qf3+ 45. Kh2 Qf2+ 46. Kh1 Bf3# 0-1

[Event "Speed Chess Super Swiss"]
[Site "Chess.com INT"]
[Date "2021.10.16"]
[Round "3"]
[White "Izoria, Zviad"]
[Black "Carnicelli, Valerio"]
[Result "1-0"]
[WhiteElo "2602"]
[BlackElo "2317"]
[PlyCount "75"]
[EventDate "2021.10.16"]
[EventType "swiss (blitz)"]
[EventRounds "15"]
[EventCountry "USA"]
[SourceTitle "CBM 204 Extra"]
[Source "ChessBase"]
[SourceDate "2021.11.30"]
[SourceVersion "1"]
[SourceVersionDate "2021.11.30"]
[SourceQuality "1"]

1. Nf3 Nf6 2. c4 g6 3. Nc3 Bg7 4. e4 d6 5. d4 0-0 6. Be2 Na6 7. 0-0 e5 8. Be3 Qe8 9. dxe5 dxe5 10. Nd2 c6 11. c5 Nc7 12. Nc4 Qe7 13. Qd6 Re8 14. Qxe7 Rxe7 15. Rfd1 Bg4 16. f3 Be6 17. a4 Ree8 18. Nd6 Reb8 19. b4 Nfe8 20. b5 Nxd6 21. cxd6 Ne8 22. a5 cxb5 23. Nxb5 a6 24. Nc7 Nxc7 25. dxc7 Rc8 26. Bb6 Bf6 27. Rac1 Kf8 28. Bc4 Ke7 29. Bc5+ Ke8 30. Bxe6 fxe6 31. Bb6 Be7 32. Rc2 Kf7 33. Rd7 Re8 34. Rcd2 Rac8 35. Kf1 Kf6 36. Rd8 g5 37. Rxc8 Rxc8 38. Rd8 1-0